000 01041nam0a22002531 4500
001 rc\74415
005 20260406134728.0
035 _a(NLR Aleph) 005345949
090 _a6744519
_c6744519
100 _a20021216d1991 |||y0rusy50 ca
101 0 _arus
102 _aRU
105 _ay |||||||||
200 1 _aСелекционные и технологические приемы повышения продуктивности жвачных животных в Северном Казахстане
_eТруды
_fЦелиногр. с.-х. ин-т
_g[Редкол.: К.Н. Байбугенов и др.]
210 _aЦелиноград
_cЦСХИ
_d1991
215 _a65, [1] с.
_d20
320 _aБиблиогр. в конце ст.
702 1 _aБайбугенов
_bК.Н.
_4340
712 0 2 _aЦелиноградский сельскохозяйственный институт
_3RU\NLR\AUTH\889917735
_9331618
801 0 _aRU
_bNLR
_gpsbo
801 1 _aRU
_bELAR
_2rusmarc
852 _aNLR
_j91-4/5555
942 _cBOOK
980 _aNB